000 00904nam a2200241 4500
001 0000012726
005 20250329172017.0
007 ta
008 160627s1995 nyu 000 0 eng d
020 _a078170328X
040 _aCO-CtgCURN
_bspa
_ccoctgcurn
082 0 _aR611.22
_bA53r
100 1 _aAndrea Mario.
245 1 0 _aRigid and Contact Endoscopy in Microlaryngeal Surgery Technique and Atlas of Clinical Cases /
_cMario Andrea, Oscar Dias.
260 1 _aNew York : :
_bLippincott-Raven,,
_c1995.
300 _a115 p.
505 8 _aTechniques.--Patients.--Results.--Rems rigid endoscopy performed in Microlaryngeal Surgery.--Cems contact endoscopy performed in Microlaryngeal Surgery
650 1 4 _aLaringe
_vCirugia
_xAtlas.
700 1 _aDíaz, Oscar.
908 _a160627
942 _cREF
_hR611.22
_iA53r
999 _c7302
_d7302